[Event "DVM U16 2021"]
[Site "Kiel GER"]
[Date "2022.07.25"]
[Round "6"]
[White "Müller, Magnus"]
[Black "Weihrauch, Jakob"]
[Result "0-1"]
[Termination "normal"]
[Board "2.1"]
[WhiteElo "2021"]
[BlackElo "2183"]
[WhiteClock "00:54:51"]
[BlackClock "00:14:16"]
[WhiteTeam "ESV Gera"]
[BlackTeam "Hamburger SK von 1830 eV"]
[PlyCount "58"]
[WhiteFideId "16230060"]
[BlackFideId "16210115"]
[EventCountry "GER"]
[EventRounds "7"]
[EventType "team-swiss"]
[EventDate "2022.07.22"]

1. e4 {[%clk 01:30:29]} {[%emt 00:00:31]} c5 {[%clk 01:30:50]} {[%emt
00:00:10]} 2. Nc3 {[%clk 01:30:53]} {[%emt 00:00:05]} d6 {[%clk 01:31:14]}
{[%emt 00:00:07]} 3. Nf3 {[%clk 01:26:58]} {[%emt 00:04:24]} a6 {[%clk
01:28:31]} {[%emt 00:03:14]} 4. h3 {[%clk 01:26:47]} {[%emt 00:00:40]} Nf6
{[%clk 01:28:04]} {[%emt 00:00:58]} 5. d4 {[%clk 01:26:58]} {[%emt 00:00:19]}
cxd4 {[%clk 01:28:28]} {[%emt 00:00:06]} 6. Nxd4 {[%clk 01:27:25]} {[%emt
00:00:03]} e5 {[%clk 01:28:43]} {[%emt 00:00:15]} 7. Nb3 {[%clk 01:27:52]}
{[%emt 00:00:04]} h5 {[%clk 01:28:49]} {[%emt 00:00:24]} 8. Be3 {[%clk
01:27:08]} {[%emt 00:01:12]} Be7 {[%clk 01:24:29]} {[%emt 00:04:51]} 9. Qf3
{[%clk 01:26:27]} {[%emt 00:01:11]} b5 {[%clk 01:22:16]} {[%emt 00:02:43]} 10.
O-O-O {[%clk 01:25:06]} {[%emt 00:01:50]} b4 {[%clk 01:18:12]} {[%emt
00:04:35]} 11. Nd5 {[%clk 01:25:09]} {[%emt 00:00:27]} Nxd5 {[%clk 01:18:32]}
{[%emt 00:00:09]} 12. exd5 {[%clk 01:24:29]} {[%emt 00:01:11]} Nd7 {[%clk
01:15:03]} {[%emt 00:03:59]} 13. Qg3 {[%clk 01:19:21]} {[%emt 00:05:37]} O-O
{[%clk 01:01:42]} {[%emt 00:13:52]} 14. f4 {[%clk 01:15:07]} {[%emt 00:04:44]}
a5 {[%clk 00:55:06]} {[%emt 00:07:06]} 15. Kb1 {[%clk 01:13:18]} {[%emt
00:02:18]} a4 {[%clk 00:54:35]} {[%emt 00:01:02]} 16. Nd2 {[%clk 01:08:58]}
{[%emt 00:04:49]} Qc7 {[%clk 00:47:28]} {[%emt 00:07:37]} 17. Bd3 {[%clk
01:00:55]} {[%emt 00:08:33]} a3 {[%clk 00:43:03]} {[%emt 00:04:56]} 18. b3
{[%clk 00:59:51]} {[%emt 00:01:33]} Qc3 {[%clk 00:38:29]} {[%emt 00:05:05]} 19.
Nc4 {[%clk 01:00:17]} {[%emt 00:00:04]} exf4 {[%clk 00:37:15]} {[%emt
00:01:44]} 20. Qxf4 {[%clk 01:00:40]} {[%emt 00:00:06]} Bf6 {[%clk 00:35:46]}
{[%emt 00:02:00]} 21. Kc1 {[%clk 01:01:04]} {[%emt 00:00:05]} Ba6 {[%clk
00:30:53]} {[%emt 00:05:24]} 22. Rhf1 {[%clk 00:59:30]} {[%emt 00:02:03]} Bxc4
{[%clk 00:26:48]} {[%emt 00:04:36]} 23. Qxc4 {[%clk 00:59:51]} {[%emt
00:00:09]} Qb2+ {[%clk 00:25:06]} {[%emt 00:02:12]} 24. Kd2 {[%clk 01:00:16]}
{[%emt 00:00:05]} Ne5 {[%clk 00:20:26]} {[%emt 00:05:10]} 25. Qe4 {[%clk
00:58:59]} {[%emt 00:01:47]} Nxd3 {[%clk 00:19:49]} {[%emt 00:01:07]} 26. Qxd3
{[%clk 00:59:22]} {[%emt 00:00:04]} Rac8 {[%clk 00:17:35]} {[%emt 00:02:47]}
27. Rf3 {[%clk 00:55:09]} {[%emt 00:04:43]} Rfe8 {[%clk 00:15:49]} {[%emt
00:02:15]} 28. Rdf1 {[%clk 00:54:25]} {[%emt 00:01:14]} Rc3 {[%clk 00:15:08]}
{[%emt 00:01:11]} 29. Qf5 {[%clk 00:54:51]} {[%emt 00:00:04]} Re5 {[%clk
00:14:16]} {[%emt 00:01:23]} 0-1

[Event "DVM U16 2021"]
[Site "Kiel GER"]
[Date "2022.07.25"]
[Round "6"]
[White "Kort, Felix"]
[Black "Schubert, Nikita"]
[Result "1/2-1/2"]
[Termination "normal"]
[Board "2.2"]
[WhiteElo "1858"]
[BlackElo "1949"]
[WhiteClock "00:02:41"]
[BlackClock "00:01:57"]
[WhiteTeam "Hamburger SK von 1830 eV"]
[BlackTeam "ESV Gera"]
[PlyCount "69"]
[WhiteFideId "16220129"]
[BlackFideId "16212339"]
[EventCountry "GER"]
[EventRounds "7"]
[EventType "team-swiss"]
[EventDate "2022.07.22"]

1. d4 {[%clk 01:30:57]} {[%emt 00:00:02]} Nf6 {[%clk 01:30:53]} {[%emt
00:00:07]} 2. c4 {[%clk 01:31:23]} {[%emt 00:00:05]} e6 {[%clk 01:31:17]}
{[%emt 00:00:05]} 3. Nc3 {[%clk 01:31:50]} {[%emt 00:00:04]} Bb4 {[%clk
01:31:39]} {[%emt 00:00:08]} 4. Qc2 {[%clk 01:32:16]} {[%emt 00:00:04]} O-O
{[%emt 00:00:26]} 5. e4 d5 {[%clk 01:32:08]} {[%emt 00:00:07]} 6. e5 {[%clk
01:33:09]} {[%emt 00:00:04]} Ne4 {[%emt 00:00:09]} 7. Bd3 {[%clk 01:33:35]} c5
{[%clk 01:32:23]} {[%emt 00:00:41]} 8. Nf3 {[%clk 01:33:35]} {[%emt 00:00:29]}
cxd4 {[%clk 01:31:10]} {[%emt 00:01:43]} 9. Nxd4 {[%clk 01:32:05]} {[%emt
00:02:00]} Nd7 {[%clk 01:30:38]} {[%emt 00:01:02]} 10. Bf4 {[%clk 01:32:29]}
{[%emt 00:00:06]} Qh4 {[%clk 01:29:44]} {[%emt 00:01:24]} 11. g3 {[%clk
01:32:52]} {[%emt 00:00:07]} Qh5 {[%clk 01:29:27]} {[%emt 00:00:48]} 12. O-O
{[%clk 01:33:16]} {[%emt 00:00:06]} g5 {[%clk 01:28:02]} {[%emt 00:01:55]} 13.
cxd5 {[%clk 01:33:41]} {[%emt 00:00:05]} Bxc3 {[%clk 01:23:37]} {[%emt
00:04:54]} 14. bxc3 {[%clk 01:33:58]} {[%emt 00:00:13]} exd5 {[%clk 01:09:13]}
{[%emt 00:14:53]} 15. Be3 {[%clk 01:34:17]} {[%emt 00:00:12]} Nxe5 {[%clk
00:59:51]} {[%emt 00:09:52]} 16. f3 {[%clk 01:34:21]} {[%emt 00:00:26]} Nc5
{[%clk 00:48:14]} {[%emt 00:12:07]} 17. Bf5 {[%clk 01:33:00]} {[%emt 00:01:50]}
Nc4 {[%clk 00:43:12]} {[%emt 00:05:33]} 18. Bf2 {[%clk 01:28:41]} {[%emt
00:04:49]} Be6 {[%clk 00:33:17]} {[%emt 00:10:25]} 19. Rae1 {[%clk 01:11:24]}
{[%emt 00:17:48]} Qh6 {[%emt 00:28:51]} 20. g4 {[%clk 00:47:27]} {[%emt
00:04:59]} Rac8 {[%clk 00:20:00]} {[%emt 00:04:53]} 21. Bg3 {[%clk 00:44:24]}
{[%emt 00:03:34]} Rfe8 {[%clk 00:17:55]} {[%emt 00:02:34]} 22. f4 {[%clk
00:42:22]} {[%emt 00:02:33]} Bxf5 {[%clk 00:15:55]} {[%emt 00:02:30]} 23. Nxf5
{[%clk 00:42:00]} {[%emt 00:00:51]} Qf6 {[%clk 00:07:31]} {[%emt 00:08:54]} 24.
h4 {[%clk 00:29:50]} {[%emt 00:12:40]} Ne4 {[%clk 00:07:02]} {[%emt 00:00:59]}
25. fxg5 {[%clk 00:25:28]} {[%emt 00:04:52]} Qb6+ {[%clk 00:05:35]} {[%emt
00:01:57]} 26. Kh2 {[%clk 00:23:26]} {[%emt 00:02:32]} Nxg3 {[%clk 00:01:33]}
{[%emt 00:04:32]} 27. Kxg3 {[%clk 00:19:17]} {[%emt 00:04:37]} Ne3 {[%clk
00:00:44]} {[%emt 00:01:20]} 28. Nxe3 {[%clk 00:09:04]} {[%emt 00:10:43]} Rxe3+
{[%clk 00:01:13]} {[%emt 00:00:01]} 29. Rxe3 {[%clk 00:09:27]} {[%emt
00:00:08]} Qxe3+ {[%clk 00:01:42]} 30. Rf3 {[%clk 00:09:35]} {[%emt 00:00:21]}
Qe1+ {[%clk 00:01:03]} {[%emt 00:01:10]} 31. Kh3 {[%clk 00:09:29]} {[%emt
00:00:34]} Qh1+ {[%clk 00:00:48]} {[%emt 00:00:47]} 32. Kg3 {[%clk 00:04:25]}
{[%emt 00:05:34]} Qg1+ {[%clk 00:01:04]} {[%emt 00:00:14]} 33. Kh3 {[%clk
00:03:45]} {[%emt 00:01:11]} Qh1+ {[%clk 00:01:32]} {[%emt 00:00:01]} 34. Kg3
{[%clk 00:04:09]} {[%emt 00:00:06]} Qg1+ {[%clk 00:01:57]} {[%emt 00:00:04]}
35. Kh3 {[%clk 00:02:41]} {[%emt 00:01:59]} 1/2-1/2

[Event "DVM U16 2021"]
[Site "Kiel GER"]
[Date "2022.07.25"]
[Round "6"]
[White "Frank, Marek"]
[Black "Huo, Da"]
[Result "0-1"]
[Termination "normal"]
[Board "2.3"]
[WhiteElo "1551"]
[BlackElo "1858"]
[WhiteClock "00:01:18"]
[BlackClock "00:00:33"]
[WhiteTeam "ESV Gera"]
[BlackTeam "Hamburger SK von 1830 eV"]
[PlyCount "62"]
[WhiteFideId "16239520"]
[BlackFideId "16221206"]
[EventCountry "GER"]
[EventRounds "7"]
[EventType "team-swiss"]
[EventDate "2022.07.22"]

1. e4 {[%clk 01:30:57]} {[%emt 00:00:02]} c5 {[%clk 01:30:55]} {[%emt
00:00:06]} 2. Nf3 {[%clk 01:31:17]} {[%emt 00:00:11]} d6 {[%clk 01:31:20]}
{[%emt 00:00:05]} 3. d4 {[%clk 01:31:38]} {[%emt 00:00:08]} cxd4 {[%clk
01:31:46]} {[%emt 00:00:04]} 4. Nxd4 {[%clk 01:32:00]} {[%emt 00:00:08]} Nf6
{[%clk 01:32:12]} {[%emt 00:00:04]} 5. Nc3 {[%clk 01:32:10]} {[%emt 00:00:20]}
Nc6 {[%clk 01:32:35]} {[%emt 00:00:07]} 6. Be2 {[%clk 01:31:35]} {[%emt
00:01:04]} e5 {[%clk 01:32:55]} {[%emt 00:00:11]} 7. Nb3 {[%clk 01:31:33]}
{[%emt 00:00:31]} Be7 {[%clk 01:32:57]} {[%emt 00:00:28]} 8. Be3 {[%clk
01:30:50]} {[%emt 00:01:13]} Be6 {[%clk 01:32:02]} {[%emt 00:01:26]} 9. f3
{[%clk 01:27:36]} {[%emt 00:03:45]} a5 {[%clk 01:29:36]} {[%emt 00:02:56]} 10.
a4 {[%clk 01:24:31]} {[%emt 00:03:34]} O-O {[%clk 01:29:58]} {[%emt 00:00:08]}
11. O-O {[%clk 01:18:35]} {[%emt 00:06:26]} Nb4 {[%clk 01:28:51]} {[%emt
00:01:37]} 12. Kh1 {[%clk 01:06:00]} {[%emt 00:13:05]} Rc8 {[%clk 01:22:06]}
{[%emt 00:07:15]} 13. Rc1 {[%clk 00:57:13]} {[%emt 00:09:17]} d5 {[%clk
00:57:48]} {[%emt 00:24:49]} 14. exd5 {[%clk 00:53:09]} {[%emt 00:04:32]} Nfxd5
{[%clk 00:57:45]} {[%emt 00:00:33]} 15. Nxd5 {[%clk 00:52:01]} {[%emt
00:01:39]} Nxd5 {[%clk 00:56:55]} {[%emt 00:01:20]} 16. Bg1 {[%clk 00:49:16]}
{[%emt 00:03:15]} Bg5 {[%clk 00:55:07]} {[%emt 00:02:18]} 17. Rb1 {[%clk
00:40:03]} {[%emt 00:09:44]} b6 {[%clk 00:54:27]} {[%emt 00:01:09]} 18. Nc1
{[%clk 00:23:39]} {[%emt 00:16:53]} Qc7 {[%clk 00:52:35]} {[%emt 00:02:23]} 19.
c3 {[%clk 00:19:52]} {[%emt 00:04:17]} Rfd8 {[%clk 00:51:06]} {[%emt 00:01:58]}
20. Qe1 {[%clk 00:18:22]} {[%emt 00:02:01]} Nf4 {[%clk 00:35:03]} {[%emt
00:16:33]} 21. Bb5 {[%clk 00:08:04]} {[%emt 00:10:48]} Bf5 {[%clk 00:32:59]}
{[%emt 00:02:34]} 22. Ra1 {[%clk 00:07:49]} {[%emt 00:00:45]} Qd6 {[%clk
00:20:50]} {[%emt 00:12:39]} 23. h4 {[%clk 00:06:21]} {[%emt 00:01:57]} Qh6
{[%clk 00:14:59]} {[%emt 00:06:22]} 24. g3 {[%clk 00:04:09]} {[%emt 00:02:42]}
Ng6 {[%clk 00:08:46]} {[%emt 00:06:43]} 25. Bh2 {[%clk 00:02:15]} {[%emt
00:02:23]} Bf6 {[%clk 00:06:13]} {[%emt 00:03:04]} 26. b3 {[%clk 00:01:23]}
{[%emt 00:01:22]} e4 {[%clk 00:05:10]} {[%emt 00:01:33]} 27. fxe4 {[%clk
00:01:06]} {[%emt 00:00:47]} Bxc3 {[%clk 00:05:33]} {[%emt 00:00:07]} 28. Qe2
{[%clk 00:01:29]} {[%emt 00:00:05]} Bh3 {[%clk 00:04:30]} {[%emt 00:01:35]} 29.
Nd3 {[%clk 00:01:27]} {[%emt 00:00:31]} Ne5 {[%clk 00:02:40]} {[%emt 00:02:21]}
30. Nxe5 {[%clk 00:01:18]} {[%emt 00:00:39]} Rd2 {[%clk 00:00:54]} {[%emt
00:02:16]} 31. Nxf7 {[%emt 00:00:07]} Qe6 {[%clk 00:00:33]} 0-1

[Event "DVM U16 2021"]
[Site "Kiel GER"]
[Date "2022.07.25"]
[Round "6"]
[White "Mandelkow, Elias"]
[Black "Frank, Marian"]
[Result "1-0"]
[Termination "normal"]
[Board "2.4"]
[WhiteElo "1732"]
[BlackElo "1373"]
[WhiteClock "00:33:35"]
[BlackClock "00:00:53"]
[WhiteTeam "Hamburger SK von 1830 eV"]
[BlackTeam "ESV Gera"]
[PlyCount "49"]
[WhiteFideId "16233239"]
[BlackFideId "16245059"]
[EventCountry "GER"]
[EventRounds "7"]
[EventType "team-swiss"]
[EventDate "2022.07.22"]

1. d4 {[%clk 01:30:46]} {[%emt 00:00:13]} d5 {[%clk 01:30:42]} {[%emt
00:00:19]} 2. c4 {[%clk 01:31:12]} {[%emt 00:00:04]} c6 {[%clk 01:30:30]}
{[%emt 00:00:42]} 3. Nc3 {[%clk 01:31:37]} {[%emt 00:00:04]} Nf6 {[%clk
01:29:53]} {[%emt 00:01:07]} 4. e3 {[%clk 01:31:52]} {[%emt 00:00:16]} e6
{[%clk 01:26:32]} {[%emt 00:03:51]} 5. Nf3 {[%clk 01:32:17]} {[%emt 00:00:05]}
Bd6 {[%clk 01:25:55]} {[%emt 00:01:06]} 6. Bd3 {[%clk 01:32:16]} {[%emt
00:00:31]} Nbd7 {[%clk 01:24:46]} {[%emt 00:01:39]} 7. O-O {[%emt 00:04:56]}
O-O {[%emt 00:04:53]} 8. b3 {[%clk 01:26:57]} {[%emt 00:00:56]} Re8 {[%clk
01:18:54]} {[%emt 00:02:26]} 9. Bb2 {[%clk 01:23:32]} {[%emt 00:03:56]} e5
{[%clk 01:13:53]} {[%emt 00:05:31]} 10. dxe5 {[%clk 01:15:07]} {[%emt
00:08:55]} Nxe5 {[%clk 01:11:51]} {[%emt 00:02:32]} 11. Be2 {[%clk 01:13:37]}
{[%emt 00:02:00]} dxc4 {[%clk 01:02:37]} {[%emt 00:09:44]} 12. bxc4 {[%clk
01:11:02]} {[%emt 00:03:04]} Qc7 {[%clk 00:55:21]} {[%emt 00:07:46]} 13. h3
{[%clk 01:08:38]} {[%emt 00:02:54]} Be6 {[%clk 00:47:33]} {[%emt 00:08:18]} 14.
Qa4 {[%clk 01:06:10]} {[%emt 00:02:59]} Qb6 {[%clk 00:36:26]} {[%emt 00:11:37]}
15. Rab1 {[%clk 00:59:04]} {[%emt 00:07:35]} Bf5 {[%clk 00:29:49]} {[%emt
00:07:07]} 16. e4 {[%clk 00:54:55]} {[%emt 00:04:40]} Nxe4 {[%clk 00:27:27]}
{[%emt 00:02:52]} 17. Nxe4 {[%clk 00:54:34]} {[%emt 00:00:51]} Bxe4 {[%clk
00:09:46]} {[%emt 00:18:10]} 18. c5 {[%clk 00:53:42]} {[%emt 00:01:22]} Bxf3
{[%clk 00:06:53]} {[%emt 00:03:24]} 19. cxb6 {[%clk 00:53:01]} {[%emt
00:01:10]} Bxe2 {[%clk 00:06:45]} {[%emt 00:00:38]} 20. Rfe1 {[%clk 00:52:17]}
{[%emt 00:01:15]} axb6 {[%clk 00:05:50]} {[%emt 00:01:25]} 21. Qb3 {[%clk
00:46:53]} {[%emt 00:05:53]} Bc4 {[%clk 00:03:32]} {[%emt 00:02:48]} 22. Qxb6
{[%clk 00:38:22]} {[%emt 00:09:01]} Ra6 {[%clk 00:01:05]} {[%emt 00:02:57]} 23.
Qd4 {[%clk 00:38:09]} {[%emt 00:00:43]} c5 {[%clk 00:01:11]} {[%emt 00:00:23]}
24. Qf4 {[%clk 00:34:01]} {[%emt 00:04:39]} f6 {[%clk 00:00:53]} {[%emt
00:00:48]} 25. Bxe5 {[%clk 00:33:35]} {[%emt 00:00:56]} 1-0

[Event "DVM U16 2021"]
[Site "Kiel GER"]
[Date "2022.07.25"]
[Round "6"]
[White "Bui, Bao Anh Le"]
[Black "Reichmann, Felix"]
[Result "1-0"]
[Termination "normal"]
[Board "3.1"]
[WhiteElo "2109"]
[BlackElo "1827"]
[WhiteClock "00:32:46"]
[BlackClock "00:32:30"]
[WhiteTeam "SV Mattnetz Berlin e.V."]
[BlackTeam "Schachfreunde Nordost Berlin"]
[PlyCount "57"]
[WhiteFideId "12970719"]
[BlackFideId "16238290"]
[EventCountry "GER"]
[EventRounds "7"]
[EventType "team-swiss"]
[EventDate "2022.07.22"]

1. e4 {[%clk 01:30:17]} {[%emt 00:00:39]} c5 {[%clk 01:30:52]} {[%emt
00:00:12]} 2. Nf3 {[%clk 01:30:31]} {[%emt 00:00:15]} g6 {[%clk 01:31:14]}
{[%emt 00:00:10]} 3. d4 {[%clk 01:29:33]} {[%emt 00:01:27]} cxd4 {[%clk
01:31:36]} {[%emt 00:00:09]} 4. Qxd4 {[%clk 01:29:26]} {[%emt 00:00:36]} Nf6
{[%clk 01:32:00]} {[%emt 00:00:06]} 5. Nc3 {[%clk 01:29:37]} {[%emt 00:00:18]}
Nc6 {[%clk 01:32:17]} {[%emt 00:00:14]} 6. Qa4 {[%clk 01:29:48]} {[%emt
00:00:19]} d6 {[%clk 01:32:41]} {[%emt 00:00:07]} 7. e5 {[%clk 01:30:06]}
{[%emt 00:00:11]} dxe5 {[%clk 01:33:09]} {[%emt 00:00:03]} 8. Nxe5 {[%clk
01:30:27]} {[%emt 00:00:07]} Qd4 {[%clk 01:33:37]} {[%emt 00:00:03]} 9. Nxc6
{[%clk 01:30:51]} {[%emt 00:00:06]} Qxa4 {[%clk 01:34:04]} {[%emt 00:00:03]}
10. Nxa4 {[%clk 01:31:15]} {[%emt 00:00:05]} bxc6 {[%clk 01:34:33]} {[%emt
00:00:03]} 11. Bd2 {[%clk 01:31:20]} {[%emt 00:00:23]} Nd5 {[%clk 01:27:35]}
{[%emt 00:07:29]} 12. O-O-O {[%clk 01:30:45]} {[%emt 00:01:05]} Bg7 {[%clk
01:27:14]} {[%emt 00:00:51]} 13. Be2 {[%clk 01:28:39]} {[%emt 00:02:36]} O-O
{[%clk 01:26:34]} {[%emt 00:01:10]} 14. Bf3 {[%clk 01:18:06]} {[%emt 00:11:02]}
Rb8 {[%clk 01:21:59]} {[%emt 00:05:06]} 15. b3 {[%clk 01:09:24]} {[%emt
00:09:12]} e5 {[%clk 01:11:43]} {[%emt 00:10:46]} 16. c4 {[%clk 00:58:42]}
{[%emt 00:11:11]} Ne7 {[%clk 01:11:56]} {[%emt 00:00:17]} 17. Be3 {[%clk
00:58:32]} {[%emt 00:00:40]} Rb7 {[%clk 01:03:17]} {[%emt 00:09:10]} 18. Bc5
{[%clk 00:56:26]} {[%emt 00:02:35]} Bh6+ {[%clk 01:01:29]} {[%emt 00:02:18]}
19. Kb2 {[%clk 00:55:56]} {[%emt 00:01:00]} Bg7 {[%clk 01:00:43]} {[%emt
00:01:17]} 20. Nc3 {[%clk 00:54:43]} {[%emt 00:01:43]} Bf5 {[%clk 00:54:51]}
{[%emt 00:06:22]} 21. Bxe7 {[%clk 00:47:11]} {[%emt 00:08:01]} Rxe7 {[%clk
00:54:47]} {[%emt 00:00:35]} 22. Bxc6 {[%clk 00:47:23]} {[%emt 00:00:17]} e4
{[%clk 00:53:37]} {[%emt 00:01:40]} 23. Rhe1 {[%clk 00:45:43]} {[%emt
00:02:10]} Rc8 {[%clk 00:52:29]} {[%emt 00:01:39]} 24. Bb5 {[%clk 00:43:42]}
{[%emt 00:02:29]} Bh6 {[%clk 00:41:01]} {[%emt 00:11:59]} 25. Nd5 {[%clk
00:38:24]} {[%emt 00:05:48]} Bg7+ {[%clk 00:39:44]} {[%emt 00:01:48]} 26. Nc3
{[%clk 00:38:31]} {[%emt 00:00:22]} Bh6 {[%clk 00:40:02]} {[%emt 00:00:12]} 27.
b4 {[%clk 00:37:57]} {[%emt 00:01:04]} Bg7 {[%clk 00:34:59]} {[%emt 00:05:34]}
28. Kb3 {[%clk 00:36:36]} {[%emt 00:01:51]} a6 {[%clk 00:32:30]} {[%emt
00:02:59]} 29. Bxa6 {[%clk 00:32:46]} {[%emt 00:04:20]} 1-0

[Event "DVM U16 2021"]
[Site "Kiel GER"]
[Date "2022.07.25"]
[Round "6"]
[White "Gutewort, Paul Emil"]
[Black "Röhr, Oliver"]
[Result "0-1"]
[Termination "normal"]
[Board "3.2"]
[WhiteElo "1702"]
[BlackElo "2088"]
[WhiteClock "00:14:08"]
[BlackClock "00:15:18"]
[WhiteTeam "Schachfreunde Nordost Berlin"]
[BlackTeam "SV Mattnetz Berlin e.V."]
[PlyCount "60"]
[WhiteFideId "16204182"]
[BlackFideId "12987697"]
[EventCountry "GER"]
[EventRounds "7"]
[EventType "team-swiss"]
[EventDate "2022.07.22"]

1. c4 {[%clk 01:30:59]} {[%emt 00:00:03]} f5 {[%clk 01:31:10]} 2. g3 {[%clk
01:31:24]} Nf6 {[%clk 01:31:14]} 3. Bg2 {[%clk 01:31:49]} g6 {[%clk 01:31:15]}
4. Nc3 {[%clk 01:32:08]} Bg7 {[%clk 01:31:14]} 5. Nf3 {[%clk 01:32:32]} O-O
{[%clk 01:31:16]} 6. O-O {[%clk 01:32:48]} d6 {[%clk 01:29:18]} 7. d4 {[%clk
01:33:07]} c6 {[%clk 01:27:46]} 8. Re1 {[%clk 01:33:28]} Ne4 {[%clk 01:27:05]}
9. Qc2 {[%clk 01:33:20]} Nxc3 {[%clk 01:27:29]} 10. bxc3 {[%clk 01:30:36]} e5
{[%clk 01:21:11]} 11. dxe5 {[%clk 01:31:04]} dxe5 {[%clk 01:21:10]} 12. e4
{[%clk 01:22:43]} f4 {[%clk 01:16:19]} 13. Ba3 {[%clk 01:20:26]} Re8 {[%clk
01:09:36]} 14. Red1 {[%clk 01:18:02]} Qf6 {[%clk 01:02:41]} 15. Rab1 {[%clk
01:10:05]} b6 {[%clk 00:55:38]} 16. c5 {[%clk 01:05:02]} b5 {[%clk 00:52:59]}
17. c4 {[%clk 01:02:33]} a6 {[%clk 00:42:28]} 18. Bb2 {[%clk 00:55:56]} Qe7
{[%clk 00:36:17]} 19. cxb5 {[%clk 00:55:56]} axb5 {[%clk 00:33:52]} 20. Ra1
{[%clk 00:50:24]} Ra4 {[%clk 00:32:04]} 21. Nd2 {[%clk 00:41:20]} Bg4 {[%clk
00:30:04]} 22. Rdc1 {[%clk 00:38:43]} Nd7 {[%clk 00:29:23]} 23. Bf1 {[%clk
00:35:46]} Qf7 {[%clk 00:26:09]} 24. a3 {[%clk 00:32:36]} fxg3 {[%clk
00:26:00]} 25. hxg3 {[%clk 00:30:09]} Bh6 {[%clk 00:24:07]} 26. Re1 {[%clk
00:25:23]} Rf8 {[%clk 00:21:06]} 27. Nb3 {[%clk 00:21:22]} Bf3 {[%clk
00:16:49]} 28. Bd3 {[%clk 00:14:17]} Qe6 {[%clk 00:15:01]} 29. Bc1 {[%clk
00:14:08]} Qh3 {[%clk 00:15:18]} 30. Bf1 Qh1# {[%emt 03:01:06]} 0-1